000 01144pam a2200325 a 4500
999 _c522565
_d522565
001 1637165
003 NUST
005 20181105105046.0
008 961009s1997 nyua b 001 0 eng c
010 _a 96048084
020 _a0443076537 (alk. paper)
038 _aASAB
050 0 0 _aRC114.5
_b.C56 1997
060 1 0 _aWC 500 C639 1997
082 0 0 _a616.9/25
_221
245 0 0 _aClinical virology /
_cedited by Douglas D. Richman, Richard J. Whitley, Frederick G. Hayden.
260 _aNew York :
_bChurchill Livingstone,
_cc1997.
300 _axvi, 1355 p. :
_bill. (some col.) ;
_c29 cm.
504 _aIncludes bibliographical references and index.
650 0 _aVirus diseases.
_912577
650 0 _aDiagnostic virology.
_912578
650 1 2 _aVirus Diseases.
_912579
650 2 2 _aViruses.
_95923
700 1 _aRichman, Douglas D.
_912580
700 1 _aWhitley, Richard J.
_912581
700 1 _aHayden, Frederick G.
_912582
906 _a7
_bcbc
_corignew
_d1
_eocip
_f19
_gy-gencatlg
942 _2ddc
_cBK